Jaro v zahradě čtyři dětské skladby pro klavír /

Main Author: Martinů, Bohuslav, 1890-1959
Language: No linguistic content
Published: Praha : Zdeněk Vlk, c1948
Series: Musica Edition
Vlkův dobrý výběr
Physical Description: 1 partitura (15 s.)
Musical Score Musical Score
Saved in:
LEADER 01086ncm a22002772a 4500
001 001309496
003 CZ BrMZK
005 20140204123822.0
007 qu
008 070607s1948 xr |||||||||||||| zxx d
040 |a BOA001  |b cze 
072 7 |a 787  |x Hudba pro strunné a smyčcové nástroje  |2 Konspekt  |9 9 
100 1 |a Martinů, Bohuslav,  |d 1890-1959  |7 jk01080381  |4 arr 
245 1 0 |a Jaro v zahradě  |h [hudebnina] :  |b čtyři dětské skladby pro klavír /  |c Boh. Martinů 
260 |a Praha :  |b Zdeněk Vlk,  |c c1948 
300 |a 1 partitura (15 s.) 
490 1 |a Vlkův dobrý výběr 
490 1 |a Musica Edition ;  |v 73 
830 0 |a Musica Edition 
830 0 |a Vlkův dobrý výběr 
910 |a BOA001  |b Mus4-0188.657,73 
990 |a MU 
991 |b 201307 
996 7 |b 2619570613  |c Mus4-0188.657,73  |l MZK  |r Sklad / do 1 hodiny  |n 0  |w 001344357  |u 000030  |a 1  |e BOA001  |j MZK50  |s A 
996 6 |b 2619570614  |c Mus4-0188.657,73  |l MZK  |r Sklad / do 1 hodiny  |n 0  |w 001344357  |u 000020  |a 1  |e BOA001  |j MZK50  |s P 
996 7 |b 2619570615  |c Mus4-0188.657,73  |l MZK  |r Sklad / do 1 hodiny  |n 0  |w 001344357  |u 000010  |a 1  |e BOA001  |j MZK50  |s A